[Event "Morelia/Linares 24th"]
[Site "Morelia/Linares"]
[Date "2007.02.19"]
[Round "3"]
[White "Carlsen, Magnus"]
[Black "Anand, Viswanathan"]
[Result "0-1"]
[WhiteElo "2690"]
[BlackElo "2779"]
[Annotator "Marin,M"]
[PlyCount "80"]
[EventDate "2007.02.17"]
[EventType "tourn"]
[EventRounds "14"]
[EventCountry "ESP"]
[EventCategory "20"]
[SourceTitle "CBM 117"]
[Source "ChessBase"]
[SourceDate "2007.03.30"]
[SourceVersion "1"]
[SourceVersionDate "2007.03.30"]
[SourceQuality "1"]

1. d4 d5 2. c4 c6 3. Nc3 Nf6 4. e3 e6 5. Nf3 Nbd7 6. Bd3 dxc4 7. Bxc4 b5 8. Bd3
Bd6 $5 {This interesting move was introduced in practice by Zviaginsev in the
early '90s, but has never been in the centre of the theoretical disputes.
Adopting it for this specific game must have been an over-the-board decision
of Anand, possibly based on the fact that Carlsen had never played the the
Meran variation (6.Bd3) before.} 9. O-O ({The only game where Anand had played
this line before went} 9. Bd2 O-O 10. Ne4 Nxe4 11. Bxe4 Bb7 12. Rc1 Rc8 13. b4
{. White has delayed his castle, for the sake of rapid queenside developemnt,
aimed to prevent the typical counterplay based on ...c5.} Qe7 14. Qb3 e5 15.
dxe5 Nxe5 16. Nxe5 Bxe5 17. Qb1 g6 {. It might seem that White's strategy has
been dubious, because castling is connected with a loss of pawn now. However,
after} 18. O-O $5 Qd6 19. Bc3 Bxh2+ 20. Kh1 Be5 21. Rfd1 {White had excellent
compensation in view of the passive b7-bishop and the imobility of the black
queenside, Sokolov-Anand, Wijk aan Zee 2005.}) 9... O-O 10. b3 ({Carlsen opts
for a quiet way of developing. Several other moves have been tried here, with
no definitive conclusion yet. It should be said that the most principled line} 
10. e4 e5 11. Bg5 exd4 12. Nxd4 Ne5 13. Be2 {has yielded Black excelent
results in practice.}) 10... Bb7 11. Bb2 a6 12. Ne4 Nxe4 13. Bxe4 Nf6 ({
Curiously, this natural move is a novelty, which is quite suggestive for the
unsettled character of theory in the Zviagintsev line.} 13... f5 {has been
occasionally played before, but it is hard to understand why would Black
weaken the a1-h8 diagonal so easily.}) 14. Bc2 c5 15. dxc5 Bxc5 {The position
is almost symmetrical. By having adopted the modest method of development
based on b3 (compared to Black's ...b5 and ...a6), White has spared a tempo,
which offers him some chances of taking over the initiative. However, in the
long run the light-squared bishop will face difficulties achieving stability,
precisely because the b3-square is not available.} 16. Ng5 ({This knight jump
might be premature. I would prefer continuing the development with} 16. Qe2 {
followed by Rfd1 and Ng5 and/or a4.}) 16... Qxd1 17. Raxd1 $6 ({Quite
illogical. The queen's rook is "designed" to occupy the c-file, eventually
after provoking a weakening of the enemy queenside by means of a4.} 17. Rfxd1
Kh8 18. a4 {looks like a better continuation. Yet, this general aspects might
seem irrelevant, since Black faces problems defending his kingside.}) 17... Kh8
$1 ({This elegant defence solves Black's problems.} 17... h6 $6 {would have
lost apawn after} 18. Bxf6 gxf6 ({or} 18... hxg5 19. Bxg5 {with the same
result.}) 19. Nh7 Rfd8 20. Be4 $5 Bxe4 21. Nxf6+ Kg7 22. Nxe4 {without any
compensation for Black.}) 18. g3 ({It is hard to comment on this move. White
spends a valuable tempo on... weakening the f3-square. Probably, Carlsen
wanted to make the threat of winning a pawn with Bxf6, which would not work
now. If} 18. Bxf6 gxf6 19. Nxh7 $2 {then} Rg8 20. g3 Kg7 {trapping the knight.
Instead of 19.Nxh7, White has several ways of reaching a drawn opposite
coloured bishop ending: 19.Ne4, 19.Be4 or 19.Rd7. Curiously, the engines like
18.g3, too, in fierce competition with... 18.g4.}) 18... h6 19. Bxf6 hxg5 20.
Bb2 ({Another drawback of 18.g3 can be seen in theline} 20. Bxg5 $2 f6 {
, trapping the bishop.}) 20... Rac8 21. Rc1 {Practically admitting the
inaccuracy of his 17th move.} Rfd8 22. Rfd1 Bf3 23. Rxd8+ Rxd8 {White's
temporary initiative has been extinguished completely and now he has to endure
the consequences of his superficial strategy. The f3-bishop is dominating the
board, while his white colleague occupies a passive position on c2. In the
long run, the massive advance of the kingside pawns is likely to increase
Black's advantage. And yet, in symmetrical positions the drawish zone is quite
wide and White should not be in too big danger of losing yet.} 24. a3 b4 {
Of course! The c2-bishop will not be allowed to get to b3.} 25. a4 f5 26. Kf1
f4 ({This active move will be crowned by success after Black's mistaken answer.
In case of the more static} 26... g4 {White would have activated his play with}
27. Ke1 Bd6 28. Bd1 Bb7 29. a5 {followed by Be2. Black's advantage after} Kg8
30. Be2 Kf7 31. Bc4 g5 {would be more of symbolic nature.}) 27. Be4 $2 ({
Instead of panicking, White should have put the enemy king under pressure, too,
with} 27. gxf4 gxf4 28. exf4 Rd2 29. Bg6 {when in view of the weaknes of the
8th rank Black seems to have nothing better than a perpetual.}) 27... Bxe4 28.
Rxc5 Rd1+ 29. Ke2 Rb1 30. Bc1 f3+ 31. Kd1 Rxb3 {How much different is this
rook and opposite coloured bishops ending from that from Carlsen's first round
game against Morozevich... White has little hope of surviving.} 32. Rc4 Bd3 33.
Rc8+ Kh7 34. e4 Rb1 35. Kd2 Bxe4 36. Ke3 Bd5 37. Bd2 Rb3+ 38. Kd4 Rb2 39. Be3
Re2 40. Rc1 Ba2 0-1

[Event "Morelia/Linares 24th"]
[Site "Morelia/Linares"]
[Date "2007.03.02"]
[Round "8"]
[White "Morozevich, Alexander"]
[Black "Carlsen, Magnus"]
[Result "1/2-1/2"]
[WhiteElo "2741"]
[BlackElo "2690"]
[Annotator "Marin,M"]
[PlyCount "83"]
[EventDate "2007.02.17"]
[EventType "tourn"]
[EventRounds "14"]
[EventCountry "ESP"]
[EventCategory "20"]
[SourceTitle "CBM 117"]
[Source "ChessBase"]
[SourceDate "2007.03.30"]
[SourceVersion "1"]
[SourceVersionDate "2007.03.30"]
[SourceQuality "1"]

1. e4 e5 2. Nf3 Nc6 3. Bb5 a6 4. Ba4 Nf6 5. O-O Nxe4 6. d4 b5 7. Bb3 d5 8. dxe5
Be6 9. c3 Be7 10. Nbd2 Nc5 11. a4 {Morozevich is faithful to himself by
playing a very rare move in a well known position. In the Ruy Lopez, White
usually does not part with his light-squared bishop so easily.} Nxb3 12. Qxb3
O-O ({Actually, it would be interesting to know what he had in mind against
the natural} 12... d4 {. As an adherent of the Open Variation of the Ruy Lopez,
I would say that Black is more than OK here.}) 13. axb5 axb5 14. Rxa8 Qxa8 15.
Qxb5 Rd8 16. Qd3 Qb7 {Black has certain compensation for the sacrificed pawn,
due to his pair of bishops and the lead in development.} 17. Nd4 {Just as in
the previous game against Carlsen, Morozevich decides to immediately return
the material. The difference is that now he gets very little in exchange.} Nxe5
18. Qe2 Bf6 19. Nxe6 fxe6 20. f4 Qb6+ 21. Kh1 Nf7 22. Nf3 c5 {Black has the
more active position and the better pawn structure. His chances are preferable.
} 23. g4 Re8 24. g5 Bd8 25. f5 e5 26. c4 Qa6 27. Re1 e4 28. cxd5 Qxe2 29. Rxe2
Nd6 30. Nh4 h6 31. Bf4 Nb5 32. d6 Nd4 33. Rg2 Bxg5 34. Bxg5 hxg5 35. Rxg5 Kf7
36. Rg3 Nb5 37. Rg6 Rd8 38. Re6 Nxd6 39. Re5 c4 40. Rd5 Kf6 41. Ng2 Ke7 42. Ne3
1/2-1/2

[Event "Morelia/Linares 24th"]
[Site "Morelia/Linares"]
[Date "2007.03.04"]
[Round "10"]
[White "Anand, Viswanathan"]
[Black "Carlsen, Magnus"]
[Result "1-0"]
[WhiteElo "2779"]
[BlackElo "2690"]
[Annotator "Anand,V"]
[PlyCount "75"]
[EventDate "2007.02.17"]
[EventType "tourn"]
[EventRounds "14"]
[EventCountry "ESP"]
[EventCategory "20"]
[SourceTitle "CBM 117"]
[Source "ChessBase"]
[SourceDate "2007.03.30"]
[SourceVersion "1"]
[SourceVersionDate "2007.03.30"]
[SourceQuality "1"]

{At this stage, we were both tied in the lead with +2.} 1. e4 e5 2. Nf3 Nc6 3.
Bb5 a6 4. Ba4 Nf6 5. O-O Be7 6. Re1 b5 7. Bb3 d6 8. c3 O-O 9. h3 Na5 10. Bc2 c5
11. d4 Nd7 12. d5 {Magnus choice had come as a surprise to me, so I decided
not to repeat my usual systems. I had seen some games of Leko with 12.d5 and
felt that it was a better try.} Nb6 13. Nbd2 g6 (13... f5 14. exf5 Bxf5 15.
Bxf5 Rxf5 16. Ne4 {and Leko got an advantage against both Kramnik and Adams in
2005.}) 14. b4 {Following Leko's game against Mamedyarov.} cxb4 15. cxb4 Nac4
16. Nxc4 Nxc4 17. Bb3 $1 {Leko went for Bh6, but in fact there is no need for
this move.} Nb6 18. Be3 {In fact, the bishop belongs on e3.} Bd7 19. Rc1 Rc8 (
19... Qb8 {This may be worth considering, to first play Qb7 and then Rc8.}) 20.
Rxc8 Bxc8 (20... Nxc8 21. Qc2 Nb6 {comes to the same thing.}) 21. Qc2 Bd7 22.
Rc1 {This forces the knight back to a8.} Na8 (22... Qb8 $2 23. Qc7 Rc8 24. Qxb8
Rxb8 25. Bxb6 Rxb6 26. Rc7) 23. Qd2 (23. Ne1 {I was initially attracted to
this move, but} Bg5 24. Qd2 (24. Bxg5 Qxg5 {and here White has to deal with
both Rc8 and Bxh3}) 24... Bxe3 25. Qxe3 Qb8 {though even here} (25... f5 26.
Nf3 fxe4 27. Ng5 $16) 26. f4 {gives White a nice edge.}) 23... Qb8 (23... f6
24. Ne1 {with the idea to play Nd3 and Nc5!}) 24. Bg5 $1 {Exploiting the fact
that f6 is impossible.} Bxg5 (24... Qd8 $1 25. Qe3 (25. Bxe7 Qxe7 26. Qe3 Rc8
$1) 25... Bxg5 26. Nxg5 Qe7 27. f4 $36) (24... Bd8 25. Bxd8 Qxd8 26. Qh6 f6 (
26... Qf6 27. Ng5 Qg7 28. Qh4 Rc8 (28... Re8 29. Ne6 $1) (28... Kh8 29. Nxh7 $1
Qxh7 30. Qe7) 29. Rxc8+ Bxc8 30. Nxh7 $1) 27. Rc6 $1 Bc8 28. h4 $1 Rf7 29. h5
Rg7 (29... g5 30. Nxg5 fxg5 31. Rxd6 $16) 30. hxg6 hxg6 31. Nh4 g5 32. Nf5 Bxf5
33. exf5 {Now White's rook can never be dislodged from c6.}) 25. Nxg5 Rc8 26.
Rf1 h6 27. Ne6 $1 {An aesthetically pleasing move, but White has no other way
to keep the pressure.} (27. Nf3 Kg7 $11) 27... Kh7 {The best try.} (27... fxe6
28. dxe6 Be8 29. Qxh6 $1 (29. e7+ Kg7 30. Qd5 Rc4 31. Bxc4 bxc4 32. Qxc4 Nc7
33. Rc1 Nb5 34. Qc8 Qxc8 35. Rxc8 Kf7 36. Ra8 Kxe7 37. Rxa6 Nc3 {Will be very
difficult technically.}) 29... Nb6 30. e7+ (30. f4 Nc4 31. f5 Qa7+ {followed
by Qe3 is too messy.}) 30... Nc4 31. Qf8+ Kh7 32. f4 (32. Bd1 {The computer
even suggests Bd1 winning!} Bc6 33. Qf7+ Kh6 34. f4 Rg8 35. fxe5 Nxe5 36. Qf8+
Kh7 37. Rf4 $1 {and Black has nothing better than to give up the exchange.}
Rxf8 38. exf8=Q Qxf8 39. Rxf8 $18) 32... Qa8 33. Rf3 (33. f5 gxf5 34. Rxf5 Qxe4
35. Rf6 Qe3+ 36. Kh2 e4 37. Rf4 {and White wins.}) 33... Qxe4 34. f5 gxf5 35.
Rg3 $18) 28. f4 Qa7+ 29. Kh2 Be8 (29... fxe6 30. dxe6 Be8 31. f5 gxf5 (31...
Qd4 $2 32. Qxd4 exd4 33. f6 Nb6 34. f7 Bxf7 35. Rxf7+ Kg8 {By not taking on f5,
Black has to return to g8.} 36. Rd7 Nc4 37. e7 Re8 38. Rxd6 Rxe7 39. Rxd4 Rc7
40. Rd6 $1 $18) 32. exf5 Qd4 33. Qxd4 {This is what I intended.} (33. Qe1 {
This is harder to work out over the board.} e4 34. Qh4 {This seems to win.} (
34. f6 Qe5+ 35. Kh1 (35. Qg3 Qxg3+ 36. Kxg3 Nb6 {Again, its not completely
clear.}) 35... Bg6 36. f7 Rf8 37. Qh4 d5 $1) 34... Qe5+ 35. Kg1 e3 36. Qe7+ Qg7
37. Qxg7+ Kxg7 38. f6+ Kg8 39. Rf3 $18) 33... exd4 34. f6 Nb6 35. f7 Bxf7 36.
exf7 (36. Rxf7+ Kg6 37. Rf4 d5 38. e7 Re8 39. Bc2+ Kg7 40. Rg4+ Kh8 41. Rg6 Nc4
) 36... Rf8 37. Be6 $1 {Before Black can play d5 or Nc4} Nc4 38. Rd1 Ne5 39.
Rxd4 Nxf7 40. Rf4 $1 ({Not} 40. Bxf7 $2 Rxf7 41. Rxd6 Rf4 $1 42. a3 a5 43. bxa5
Ra4) 40... Kg7 41. Bxf7 Rxf7 42. Rxf7+ Kxf7 43. Kg3 {White wins the pawn
ending.} Ke6 44. Kf3 Ke5 45. g4 d5 46. h4 d4 47. g5 hxg5 48. hxg5 Kf5 49. g6
Kxg6 50. Ke4 $18) 30. f5 gxf5 31. exf5 (31. Ng5+ Kg8 32. exf5) 31... f6 (31...
fxe6 32. dxe6 {would transpose to the above note}) 32. Re1 $1 {The rook is
going via the 4th rank.} (32. Rf3 Bf7 33. Rg3 Rg8) 32... Nc7 (32... Nb6 33. Re4
Nc4 (33... h5 34. Qe1 Nc4 35. Bd1 $18 {Black has no defence against Bxh5.}) 34.
Nf8+ $1) 33. Rc1 {Now White can use the pin.} Bd7 34. Rc3 e4 (34... Ne8 35. Rg3
Bxe6 {White threatened Nf8} 36. Rg6 $1 $18) 35. Rg3 (35. Qc1 Nxe6 36. fxe6 Rxc3
37. Qxc3 Be8 38. Qxf6) 35... Nxe6 (35... Rg8 36. Rxg8 Kxg8 37. Qxh6) 36. dxe6
Be8 37. e7 $1 Bh5 (37... Qxe7 38. Bg8+) 38. Qxd6 {In addition to being my best
win in Morelia/Linares, this win gave me a one point lead in the tournament.} (
38. Qxd6 Re8 39. Qxf6 Qxe7 40. Bg8+ $18) 1-0

[Event "Morelia/Linares 24th"]
[Site "Morelia/Linares"]
[Date "2007.03.06"]
[Round "11"]
[White "Carlsen, Magnus"]
[Black "Ivanchuk, Vassily"]
[Result "1-0"]
[WhiteElo "2690"]
[BlackElo "2750"]
[Annotator "Carlsen,M"]
[PlyCount "69"]
[EventDate "2007.02.17"]
[EventType "tourn"]
[EventRounds "14"]
[EventCountry "ESP"]
[EventCategory "20"]
[SourceTitle "CBM 118"]
[Source "ChessBase"]
[SourceDate "2007.05.31"]
[SourceVersion "1"]
[SourceVersionDate "2007.05.31"]
[SourceQuality "1"]

{This game was played in the 11th round, right after I had lost the very
important game against Anand. I played for a win, but as usual I did not
expect very much.} 1. d4 Nf6 2. c4 g6 3. Nc3 d5 4. cxd5 Nxd5 5. e4 Nxc3 6. bxc3
Bg7 7. Bc4 c5 8. Ne2 Nc6 9. Be3 O-O 10. O-O Na5 11. Bd3 b6 {Ivanchuk chose
this variation against Nielsen in Monaco, after which Nielsen replied:} 12. Rc1
(12. Qd2 $6 e5 {After which Nielsen was gradually outplayed (although he saved
a draw in the end).}) 12... cxd4 {This move, opening the c-file right after
White has played Rc1 doesn't look very good, but it is part of a setup.} 13.
cxd4 e6 {Before developing the bishop on b7, Black wants to prevent d5. This
move does, however, create some weaknesses on the dark squares around the
black king.} 14. Qd2 Bb7 15. h4 {This move has long been considered the best
move here. The h4 pawn is obviously immune.} Qe7 $6 {This is just a bit too
indifferent in my opinion.} (15... Nc6 {Is the main continuation, after which}
16. e5 {Is quite interesting, and probably quite promising for White.}) 16. h5
Rfc8 17. e5 $1 {This is apparently a novelty, but quite a logical one, as to
create play on the dark squares on the kingside is whites plan here.} Rxc1 $2 {
This looks like a very bad plan to me.} (17... Nc6 {should probably have been
tried, I think that Black's first priority here should be to bring the knight
back into the game.}) 18. Rxc1 Rc8 19. Rxc8+ Bxc8 20. Bg5 Qc7 $6 (20... Qd7 {
was more resistant, but after Bf6 it is in any case very hard to believe that
Black can survive.}) (20... f6 21. exf6 Bxf6 22. Bxf6 Qxf6 23. hxg6 hxg6 24.
Qc2 {Drops a pawn, but the black position is anyway so critical that it may
have considered.}) 21. Bf6 Nc6 22. Qg5 h6 {This prevents immediate
infiltration, but doesn't help, as after} (22... Nb4 23. Bxg7 Kxg7 24. Qf6+ Kf8
25. Bxg6 $1 hxg6 26. h6 {and wins.}) 23. Qc1 {Black is completely defenceless.}
g5 (23... Qd7 24. hxg6 {is clearly no better.}) 24. Bb5 Bd7 25. d5 $1 {By
exploiting the pin on the c-file, White wins a piece and the game.} exd5 26.
Nd4 Bxf6 27. exf6 Qd6 28. Bxc6 Qxf6 29. Bxd7 Qxd4 30. g3 Qc5 31. Qxc5 bxc5 32.
Bc6 d4 33. Bb5 Kf8 34. f4 gxf4 35. gxf4 {After this game had finished I had a
strange feeling, since I could not really understand what that had just
happened: Without making any particularily spectacular moves I had just beaten
one of best players in the world. It seems to me that Ivanchuk must have had
an extremely bad day (as it seemed to me, for most of this tournament he
played really well).} 1-0

[Event "Morelia/Linares 24th"]
[Site "Morelia/Linares"]
[Date "2007.03.07"]
[Round "12"]
[White "Topalov, Veselin"]
[Black "Carlsen, Magnus"]
[Result "1/2-1/2"]
[WhiteElo "2783"]
[BlackElo "2690"]
[Annotator "Marin,M"]
[PlyCount "49"]
[EventDate "2007.02.17"]
[EventType "tourn"]
[EventRounds "14"]
[EventCountry "ESP"]
[EventCategory "20"]
[SourceTitle "CBM 117"]
[Source "ChessBase"]
[SourceDate "2007.03.30"]
[SourceVersion "1"]
[SourceVersionDate "2007.03.30"]
[SourceQuality "1"]

1. Nf3 Nf6 2. c4 b6 3. g3 c5 4. Bg2 Bb7 5. O-O e6 6. Nc3 Be7 7. Re1 d5 8. d4 ({
The other possible move order is} 8. cxd5 Nxd5 9. e4 {. Topalov probably
wanted to avoid} Nb4 (9... Nxc3 10. bxc3 O-O 11. d4 {leads to one of the main
lines of the system based on Re1, which is considered to favour White.}) 10. d4
cxd4 11. Nxd4 N8c6 {with simplifications, as, for instance, in Vallejo Pons,F 
(2674)-Van Wely,L (2648)/Khanty Mansyisk 2005/CBM 111/[Stohl] (1/2-1/2, 25).})
8... dxc4 ({Carlsen has no intention to transpose to the aforementioned line
with} 8... O-O 9. cxd5 Nxd5 10. e4) 9. dxc5 Bxc5 10. Qa4+ Nbd7 11. Qxc4 (11.
Ne5 Bxg2 12. Kxg2 O-O $2 (12... a6 13. Nxd7 Qxd7 14. Qxc4 O-O $11) 13. Rd1 $1
$16 {Garcia,R (2385)-Ricardi,P (2530)/Buenos Aires 1995/EXT 97 (1/2-1/2, 22)})
11... O-O 12. Rd1 Rc8 {The position is characteristic for the Catalan Defence.
Black has a normal development and has managed to neutralise the g2-bishop,
but White's main hopes are connected with the relative weakness of the
c6-square.} 13. Qh4 {A typical manoeuvre. White puts up some pressure on the
enemy kingside.} Be7 {This might look like a loss of tempo, but in fact it
will force White spend some time regrouping with his queen, too.} ({Besides,
in the Catalan Black usually avoids such pins as} 13... Qe7 14. Bg5 {although
things are not entirelyckear here:} h6 15. Rxd7 $5 (15. Bxh6 gxh6 16. Qxh6
Bxf2+ 17. Kf1 Qc5 $17 {Shipov}) 15... Qxd7 16. Bxf6 gxf6 17. Qxh6 (17. Qxf6
Bxf3 18. Bxf3 Qd4) 17... Qe7 $13 {and White has good compensation for the
exchange, with virtually no risk tolose, but possibly not more than that.}) 14.
Qh3 {This way of transferring the queen to the long diagonal is quite original.
} Qe8 (14... Qc7 15. Bf4 Qc5 (15... e5 16. Bg5 {><d5}) 16. Rd2 $5 (16. Rac1 Qb4
$132) 16... Rfd8 17. Rad1 {maintains some pressure for White.}) (14... Rc5 {
[%cal Yc5h5]} 15. g4 $5) 15. Nd4 Bxg2 16. Qxg2 Ne5 {A curious alignment of all
knights on the long dark diagonal. From practical point of view, it is more
important that the chances for the occupation of the c6-square are about equal.
} 17. Qb7 {This queen incursion might be just premature.} ({Maybe White should
have just continued his development with} 17. Bf4 {Possibly, Topalov feared
that Black can take advantage of the slightly unnatural placement of the white
queen by attacking the relatively vulnerable queenside with} Nc4 (17... Nfg4 $2
18. h3 $16) (17... Neg4 18. Ndb5 $14 {[%csl Ga7]}) {However, after} 18. b3 Nb2
(18... Ne3 19. Bxe3 Rxc3 {allows White increase his control over the c6-square
with} 20. Rac1 Rxc1 21. Bxc1 $14) 19. Rdc1 {the b2-knight might get into
trouble.}) 17... Bc5 {Carlsen decides to remove the danger of an invasion to
c6 as in radical way.} 18. Bg5 {Curiously, Topalov refrains from employing one
of his favourite methods of complicating the fight: the exchange sacrifice.} (
18. Qxa7 Bxd4 19. Rxd4 Nc6 20. Qxb6 $44) 18... Nfg4 19. h3 Nc6 $1 20. hxg4 ({
In case of} 20. Nxc6 {Black should refrain from delivering check with 20...
Bxf2+, which just loses material to the calm 21.Kg2 and play} Nxf2 $1 {, when
too many of White's pieces are hanging (the c6-knight, the g5-bishop, the
d1-rook).}) 20... Bxd4 21. Nb5 Rb8 22. Qc7 Rc8 ({Black has no time to capture
the b-pawn with} 22... Bxb2 {because of} 23. Nd6 {, trapping the queen.}) 23.
Qb7 ({The main adherent to the Sofia rule cannot do anything against a
peaceful end of the game before the 30th move.} 23. Qd6 {would be bad because,
once the d6-square is occupied, Black could play} Bxb2 {already.}) ({The other
queen retreat,} 23. Qf4 {leaves the bishop trapped after} f6) 23... Rb8 24. Qc7
Rc8 25. Qb7 1/2-1/2